[Event "Godesberger SK 2 - SK Turm Emsdetten 2"]
[Site "NRW-Klasse, Gruppe 1 2010/201"]
[Date "2011.03.13"]
[Round "8.7"]
[White "Beekhuis, Maarten"]
[Black "Lotzien, Hans"]
[Result "1-0"]
[WhiteElo "2010"]
[BlackElo "2075"]
[PlyCount "81"]
[EventDate "2011.??.??"]

1. e4 e5 2. Nf3 Nc6 3. Bb5 Bd6 4. O-O Nge7 5. c3 O-O 6. d4 Ng6 7. dxe5 Ncxe5 8.
Be3 Nxf3+ 9. Qxf3 Be5 10. Nd2 d6 11. Bc4 Be6 12. Bxe6 fxe6 13. Qg4 Qe7 14. f4
Bf6 15. g3 Rf7 16. Rae1 e5 17. f5 Nf8 18. h4 Kh8 19. Re2 Nd7 20. Nf3 Rff8 21.
Rh2 Rg8 22. Ng5 g6 23. Rg2 Rae8 24. Qd1 gxf5 25. exf5 Nf8 26. Qb3 Rg7 27. Qxb7
e4 28. Qxa7 h6 29. Nh3 Kh7 30. Nf4 Qf7 31. Bd4 Be5 32. Qb7 Qxf5 33. Nd5 Qc8 34.
Qxc8 Bxd4+ 35. cxd4 Rxc8 36. Nf6+ Kh8 37. Nxe4 Ne6 38. Rf6 Nxd4 39. Rxh6+ Kg8
40. Rf2 Ra8 41. Nf6+ 1-0

[Event "Godesberger SK 2 - SK Turm Emsdetten 2"]
[Site "NRW-Klasse, Gruppe 1 2010/201"]
[Date "2011.03.13"]
[Round "8.8"]
[White "Broehl, Stephan"]
[Black "Visschedijk, Theo"]
[Result "1/2-1/2"]
[WhiteElo "2031"]
[BlackElo "1878"]
[PlyCount "82"]
[EventDate "2011.??.??"]

1. e4 d6 2. d4 Nf6 3. Nc3 Nbd7 4. g4 h6 5. h3 e5 6. Nge2 c6 7. a4 a5 8. Bg2 Qc7
9. O-O Be7 10. Be3 Nf8 11. f4 Ne6 12. Qe1 exd4 13. Nxd4 O-O 14. Nf5 Kh7 15. Qg3
Ng8 16. Rad1 Rd8 17. Nxe7 Qxe7 18. f5 Nc7 19. Bf4 Ne8 20. Rd2 Ngf6 21. Rfd1 d5
22. exd5 Nxd5 23. Nxd5 cxd5 24. Rxd5 Rxd5 25. Rxd5 Bd7 26. Qd3 Nf6 27. Rd6 Bxa4
28. Bd2 Bxc2 29. Qd4 Be4 30. Bf1 Bc6 31. Bd3 Kg8 32. Bc3 Ne8 33. Rxh6 Rd8 34.
f6 Rxd4 35. Bh7+ Kf8 36. fxe7+ Kxe7 37. Bxd4 gxh6 38. Be3 Nf6 39. Bf5 Ng8 40.
Bh7 Nf6 41. Bc2 Ng8 1/2-1/2

[Event "LSV Turm Lippstadt 1 - SF Neuenkirchen "]
[Site "NRW-Klasse, Gruppe 1 2010/201"]
[Date "2011.03.13"]
[Round "8.1"]
[White "Muschik, Benedikt"]
[Black "Wehmeier, Stefan"]
[Result "0-1"]
[WhiteElo "2235"]
[BlackElo "2445"]
[PlyCount "26"]
[EventDate "2011.??.??"]

1. d4 d5 2. Bf4 Bg4 3. h3 Bh5 4. c4 dxc4 5. Qa4+ Nc6 6. Qb5 Nf6 7. Qxb7 Nxd4 8.
Na3 e5 9. O-O-O Bxa3 10. bxa3 exf4 11. Nf3 c5 12. e3 O-O 13. exd4 Qa5 0-1

[Event "LSV Turm Lippstadt 1 - SF Neuenkirchen "]
[Site "NRW-Klasse, Gruppe 1 2010/201"]
[Date "2011.03.13"]
[Round "8.2"]
[White "Matthias, Heiner"]
[Black "Seegers, Hendrik"]
[Result "1-0"]
[WhiteElo "2351"]
[BlackElo "2157"]
[PlyCount "75"]
[EventDate "2011.??.??"]

1. Nf3 d5 2. g3 g6 3. Bg2 Bg7 4. O-O Nf6 5. c4 O-O 6. cxd5 Nxd5 7. Nc3 Nc6 8.
Ng5 e6 9. Nge4 f5 10. Nc5 Qd6 11. Nb3 Nxc3 12. dxc3 Qe7 13. Be3 Rd8 14. Qc1 e5
15. Bxc6 bxc6 16. Bg5 Bf6 17. Bxf6 Qxf6 18. Qe3 Be6 19. Rfd1 Bd5 20. Qc5 f4 21.
c4 Be4 22. f3 Bc2 23. Rxd8+ Rxd8 24. Qxa7 fxg3 25. hxg3 e4 26. fxe4 Bxe4 27.
Qe3 Bf5 28. Rf1 Qxb2 29. Rxf5 Rd1+ 30. Rf1 Rxf1+ 31. Kxf1 Qxa2 32. Qe6+ Kg7 33.
Qe5+ Kh6 34. Qf4+ g5 35. Qf6+ Kh5 36. Nd4 Qxc4 37. g4+ Kh4 38. Qf2+ 1-0

[Event "LSV Turm Lippstadt 1 - SF Neuenkirchen "]
[Site "NRW-Klasse, Gruppe 1 2010/201"]
[Date "2011.03.13"]
[Round "8.3"]
[White "Wilde, Pierre"]
[Black "Brenke, Andreas"]
[Result "1/2-1/2"]
[WhiteElo "2228"]
[BlackElo "2315"]
[PlyCount "24"]
[EventDate "2011.??.??"]

1. d4 d6 2. c4 e5 3. Nf3 e4 4. Ng5 f5 5. Nh3 Be7 6. Nc3 c6 7. e3 Nf6 8. Nf4 O-O
9. h4 Na6 10. Be2 Nc7 11. d5 Qe8 12. b3 Qf7 1/2-1/2

[Event "LSV Turm Lippstadt 1 - SF Neuenkirchen "]
[Site "NRW-Klasse, Gruppe 1 2010/201"]
[Date "2011.03.13"]
[Round "8.4"]
[White "Krallmann, Matthias"]
[Black "Haves, Reinhard"]
[Result "1-0"]
[WhiteElo "2148"]
[BlackElo "2161"]
[PlyCount "77"]
[EventDate "2011.??.??"]

1. d4 g6 2. c4 Bg7 3. Nf3 d6 4. Nc3 Bg4 5. e3 Nf6 6. Be2 O-O 7. O-O Bf5 8. b3
c5 9. Bb2 Ne4 10. Nxe4 Bxe4 11. Qd2 Nc6 12. dxc5 dxc5 13. Bxg7 Kxg7 14. Qc3+
Kg8 15. Rad1 Qa5 16. Qxa5 Nxa5 17. Rd7 Rfe8 18. Rfd1 Rac8 19. Ne1 Bf5 20. R7d2
Rc7 21. Bf3 Kg7 22. g3 Nc6 23. Rd5 Nb4 24. R5d2 Nc6 25. Bg2 Nb4 26. h3 h5 27.
Kf1 a6 28. Ke2 Rb8 29. f4 b5 30. Rc1 bxc4 31. Rxc4 Be6 32. Rc3 a5 33. Nd3 Rbc8
34. Ne5 a4 35. bxa4 Nxa2 36. Ra3 c4 37. Rdxa2 c3 38. Rc2 f6 39. Nc6 1-0

[Event "LSV Turm Lippstadt 1 - SF Neuenkirchen "]
[Site "NRW-Klasse, Gruppe 1 2010/201"]
[Date "2011.03.13"]
[Round "8.6"]
[White "Roemhild, Marcus"]
[Black "Essing, Arnold"]
[Result "1/2-1/2"]
[WhiteElo "1997"]
[BlackElo "2180"]
[PlyCount "70"]
[EventDate "2011.??.??"]

1. e4 Nf6 2. e5 Nd5 3. d4 d6 4. c4 Nb6 5. exd6 cxd6 6. Nc3 g6 7. Be3 Bg7 8. Rc1
O-O 9. b3 e5 10. dxe5 dxe5 11. Qxd8 Rxd8 12. c5 N6d7 13. Bc4 Nc6 14. Nf3 h6 15.
O-O Nf8 16. Nd5 Bg4 17. b4 Ne6 18. Nd2 Ned4 19. Bxd4 Nxd4 20. Rfe1 Be6 21. Ne3
a5 22. a3 axb4 23. axb4 Ra4 24. Rb1 Nc6 25. Bxe6 fxe6 26. b5 Rxd2 27. bxc6 bxc6
28. Rb6 Raa2 29. Rxc6 Rxf2 30. Rc8+ Kh7 31. c6 e4 32. c7 Bd4 33. Rh8+ Kg7 34.
Rg8+ Kh7 35. Rh8+ Kg7 1/2-1/2

[Event "LSV Turm Lippstadt 1 - SF Neuenkirchen "]
[Site "NRW-Klasse, Gruppe 1 2010/201"]
[Date "2011.03.13"]
[Round "8.7"]
[White "Beckmann, Klaus"]
[Black "Grobbel, Rainer"]
[Result "1/2-1/2"]
[WhiteElo "2039"]
[BlackElo "2085"]
[PlyCount "29"]
[EventDate "2011.??.??"]

1. e4 c5 2. Nf3 d6 3. Be2 Nc6 4. c3 Nf6 5. d4 e5 6. dxe5 dxe5 7. Qxd8+ Kxd8 8.
Bg5 Kc7 9. Nfd2 Nd7 10. a4 f6 11. Be3 b6 12. Na3 a6 13. f3 g6 14. Bc4 f5 15.
Ke2 1/2-1/2

[Event "LSV Turm Lippstadt 1 - SF Neuenkirchen "]
[Site "NRW-Klasse, Gruppe 1 2010/201"]
[Date "2011.03.13"]
[Round "8.8"]
[White "Chapman, Alan"]
[Black "Stoeckmann, Helmut"]
[Result "1-0"]
[WhiteElo "1919"]
[BlackElo "2065"]
[Annotator "Hausrath,Daniel"]
[PlyCount "111"]
[EventDate "2011.??.??"]

1. e4 c5 2. Nf3 e6 3. d4 cxd4 4. Nxd4 a6 5. Bd3 Bc5 $11 6. Nb3 Ba7 7. Qg4 Nf6
8. Qg3 d6 9. Nc3 Nc6 10. Bg5 Bb8 11. O-O-O Bd7 12. Rhe1 h6 13. Qh3 Bc7 14. f4
Qe7 15. f5 O-O-O 16. Bh4 Ne5 17. Bf1 Kb8 18. Qe3 Rc8 19. Bf2 Nc6 20. Nd4 Rcd8
21. Nxc6+ Bxc6 22. Qa7+ Kc8 23. e5 Ng4 24. exd6 Qg5+ 25. Kb1 Bb8 26. Qc5 Nxf2
27. Bxa6 Kd7 28. Qxf2 Qxf5 29. Qxf5 exf5 30. Re7+ Kc8 31. d7+ Kc7 32. Bb5 Rhf8
33. Bxc6 bxc6 34. b4 Ba7 35. a4 Bf2 36. g3 f4 37. Ne4 fxg3 38. hxg3 Be3 39. Nd6
Bg5 40. Rxf7 Rg8 41. Ne8+ Kb6 42. Nxg7 Ra8 43. a5+ Kb5 44. c3 Bd8 45. Kc2 Bc7
46. Kb3 Bxg3 47. c4+ Ka6 48. Ne6 Rad8 49. Nxd8 Rxd8 50. b5+ cxb5 51. Rf6+ Kb7
52. cxb5 h5 53. Rc6 h4 54. a6+ Kb8 55. b6 h3 56. Rdc1 1-0

[Event "SG Bochum 2 - Brackweder SK 1"]
[Site "NRW-Klasse, Gruppe 1 2010/201"]
[Date "2011.03.13"]
[Round "8.1"]
[White "Olyschlaeger, Richard"]
[Black "Kitte, Sebastian"]
[Result "1/2-1/2"]
[WhiteElo "1921"]
[BlackElo "2252"]
[Annotator "Hausrath,Daniel"]
[PlyCount "87"]
[EventDate "2011.??.??"]

1. Nf3 d5 2. g3 c6 3. Bg2 Nf6 4. O-O Bg4 5. d3 e6 6. Nbd2 Nbd7 7. b3 Be7 8. Bb2
O-O 9. h3 Bh5 10. g4 Bg6 11. Nh4 Ne8 12. Nxg6 hxg6 13. f4 Bf6 14. Bxf6 Qxf6 15.
e4 dxe4 16. dxe4 g5 17. Nf3 Rd8 18. Nxg5 e5 19. Qc1 exf4 20. Qxf4 Qxf4 21. Rxf4
Nc7 22. Rff1 f6 23. Nf3 Ne6 24. Rfe1 Rfe8 25. Rad1 Nf4 26. Bf1 Kf8 27. Kf2 Ng6
$11 28. h4 Nde5 29. Nxe5 Nxe5 30. Kg3 Rd7 31. Rxd7 Nxd7 32. Kf4 Ne5 33. Bd3 Rd8
34. Rd1 Ke7 35. h5 g5+ 36. hxg6 Nxg6+ 37. Kf5 Nh4+ 38. Kf4 Ng6+ 39. Kg3 Ne5 40.
Be2 Rxd1 41. Bxd1 Ng6 42. Kf2 Kd6 43. Ke3 Ke5 44. a3 1/2-1/2

[Event "SG Bochum 2 - Brackweder SK 1"]
[Site "NRW-Klasse, Gruppe 1 2010/201"]
[Date "2011.03.13"]
[Round "8.2"]
[White "Tkachuk, Konstantyn"]
[Black "Ehrlich, Tim"]
[Result "1-0"]
[WhiteElo "2179"]
[BlackElo "1976"]
[PlyCount "61"]
[EventDate "2011.??.??"]

1. e4 c5 2. Nf3 d6 3. d4 cxd4 4. Nxd4 Nf6 5. Nc3 g6 6. Be3 Bg7 7. f3 Nc6 8. Qd2
O-O 9. Bc4 Bd7 10. O-O-O Rc8 11. Bb3 Ne5 12. h4 h5 13. g4 Nc4 14. Bxc4 Rxc4 15.
gxh5 Nxh5 16. Nce2 Ra4 17. Kb1 b5 18. Nb3 Qc7 19. Nf4 Nxf4 20. Bxf4 Be6 21. h5
Bxb3 22. axb3 Rd4 23. Qg2 Rxd1+ 24. Rxd1 Rc8 25. hxg6 fxg6 26. Rg1 e6 27. Be3
a6 28. e5 d5 29. Qxg6 Qf7 30. Qf6 Rc7 31. Qd8+ 1-0

[Event "SG Bochum 2 - Brackweder SK 1"]
[Site "NRW-Klasse, Gruppe 1 2010/201"]
[Date "2011.03.13"]
[Round "8.3"]
[White "Ruecker, Bastian"]
[Black "Werthebach, Felix"]
[Result "0-1"]
[WhiteElo "1747"]
[BlackElo "2136"]
[PlyCount "86"]
[EventDate "2011.??.??"]

1. d4 f5 2. g3 Nf6 3. Bg2 g6 4. c4 Bg7 5. Nc3 d6 6. f4 O-O 7. Nf3 c6 8. O-O
Nbd7 9. b3 h6 10. Ba3 Qa5 11. Qc1 Ne4 12. Bb2 Nxc3 13. Bxc3 Qb6 14. Kh1 Nf6 15.
e3 Be6 16. Qc2 Bf7 17. Rad1 Qc7 18. Nd2 d5 19. c5 e6 20. b4 a6 21. a4 g5 22. a5
Bh5 23. Bf3 Qf7 24. Qd3 Bxf3+ 25. Nxf3 Qh5 26. Qe2 g4 27. Ng1 Qg6 28. Be1 Kf7
29. Qc2 Rh8 30. Ne2 h5 31. Kg2 Rh7 32. Rh1 Rah8 33. Bf2 h4 34. Rdg1 Ne4 35. Nc3
hxg3 36. Nxe4 Rxh2+ 37. Rxh2 Rxh2+ 38. Kf1 dxe4 39. Rxg3 Qh5 40. Rg2 Rh3 41.
Bg3 Bf6 42. Qf2 Bh4 43. Bxh4 Rf3 0-1

[Event "SG Bochum 2 - Brackweder SK 1"]
[Site "NRW-Klasse, Gruppe 1 2010/201"]
[Date "2011.03.13"]
[Round "8.4"]
[White "Mazarov, Juergen"]
[Black "Spisla, Dominik"]
[Result "0-1"]
[WhiteElo "2136"]
[BlackElo "1863"]
[Annotator "Hausrath,Daniel"]
[PlyCount "96"]
[EventDate "2011.??.??"]

1. e4 c5 2. Nf3 d6 3. d4 cxd4 4. Nxd4 Nf6 5. Nc3 a6 6. Bg5 e6 7. f4 Qb6 8. Qd2
Qxb2 9. Rb1 Qa3 10. f5 Be7 11. fxe6 fxe6 12. Bc4 h6 13. Bxe6 Nc6 14. Nxc6 bxc6
15. Bxc8 Rxc8 16. Be3 O-O 17. O-O Ng4 18. Bd4 c5 19. Nd5 Bg5 20. Qe2 cxd4 21.
Qxg4 Qxa2 22. Qe6+ Kh8 23. Qxd6 Rxf1+ 24. Rxf1 Qxc2 25. Qxa6 $11 d3 26. g3 d2
27. Qe2 Qc1 28. h4 Qxf1+ 29. Kxf1 Rc1+ 30. Kf2 d1=Q 31. Qxd1 Rxd1 32. hxg5 hxg5
33. Kf3 Kh7 34. Kg4 Kh6 35. Ne3 Re1 36. Nf5+ Kg6 37. Ne7+ Kf7 38. Nf5 Kf6 39.
Kf3 g4+ 40. Kf2 Rxe4 41. Ne3 Ke5 42. Ng2 g5 43. Ne3 Kd4 44. Nf5+ Ke5 45. Ne3
Rb4 46. Kg2 Rb2+ 47. Kg1 Ke4 48. Nxg4 Kf3 0-1

[Event "SG Bochum 2 - Brackweder SK 1"]
[Site "NRW-Klasse, Gruppe 1 2010/201"]
[Date "2011.03.13"]
[Round "8.5"]
[White "Willenberg, Max"]
[Black "Tkachuk, Sergij"]
[Result "1/2-1/2"]
[WhiteElo "1952"]
[BlackElo "2201"]
[Annotator "Hausrath,Daniel"]
[PlyCount "115"]
[EventDate "2011.??.??"]

1. Nf3 Nf6 2. g3 g6 3. Bg2 Bg7 4. d3 d5 5. Nbd2 O-O 6. O-O c5 7. c3 Nc6 8. Qc2
e5 9. e4 h6 10. Re1 Re8 11. Nf1 d4 12. c4 Be6 13. a3 Nd7 14. Bd2 a5 15. Nh4 Bf6
16. Qc1 Bxh4 17. gxh4 Qxh4 18. Bxh6 f6 19. Bd2 Re7 20. b4 Bh3 21. b5 Nd8 22.
Qd1 Bxg2 23. Kxg2 Rh7 24. Qf3 Ne6 25. Qg3 Kf7 26. Qxh4 Rxh4 27. f3 b6 28. Ng3
Rah8 29. Rh1 Rh3 30. Ne2 g5 31. Ng1 R3h7 32. Ne2 Nf4+ 33. Bxf4 exf4 34. h3 Ne5
35. Rad1 f5 36. exf5 Kf6 37. Nc1 Kxf5 38. Rde1 Kf6 39. Re4 $11 Ng6 40. a4 Nh4+
41. Kf2 Nf5 42. Ne2 Rxh3 43. Rxh3 Rxh3 44. Re8 Nh4 45. Ng1 Rh2+ 46. Kf1 Nf5 47.
Rb8 Ng3+ 48. Ke1 Rg2 49. Rxb6+ Kf5 50. Nh3 Re2+ 51. Kd1 Rh2 52. Nxg5 Kxg5 53.
Rc6 Ne2 54. Rxc5+ Kh4 55. b6 Nc3+ 56. Kc1 Na2+ 57. Kb1 Nc3+ 58. Kc1 1/2-1/2

[Event "SG Bochum 2 - Brackweder SK 1"]
[Site "NRW-Klasse, Gruppe 1 2010/201"]
[Date "2011.03.13"]
[Round "8.6"]
[White "Pilat, Daniel"]
[Black "Husemann, Dirk"]
[Result "1-0"]
[WhiteElo "2134"]
[BlackElo "1979"]
[PlyCount "81"]
[EventDate "2011.??.??"]

1. d4 d5 2. Nf3 Nf6 3. e3 e6 4. Bd3 c5 5. b3 Nbd7 6. O-O Bd6 7. Bb2 O-O 8. Ne5
Qc7 9. f4 Re8 10. Nd2 Nf8 11. Rc1 a6 12. c4 dxc4 13. Nexc4 Be7 14. dxc5 Qxc5
15. Bd4 Qh5 16. Qxh5 Nxh5 17. Be2 Nf6 18. Nb6 Rb8 19. Be5 N8d7 20. Bxb8 Nxb6
21. Ba7 Nbd5 22. e4 Nb4 23. a3 Nc6 24. Bc5 Bd8 25. Bf3 Bc7 26. e5 Nd5 27. g3 f6
28. exf6 gxf6 29. Rfe1 Bd7 30. f5 Ne5 31. Be4 Bc6 32. Bd4 Bd6 33. Nc4 Bb8 34.
fxe6 Rxe6 35. Na5 Ne7 36. Nxc6 bxc6 37. Rcd1 f5 38. Bg2 Kf7 39. Bc5 Bc7 40. Kf1
Rh6 41. Rd7 1-0

[Event "SG Bochum 2 - Brackweder SK 1"]
[Site "NRW-Klasse, Gruppe 1 2010/201"]
[Date "2011.03.13"]
[Round "8.7"]
[White "Stephan, Gunther"]
[Black "Nikolaiczuk, Lothar"]
[Result "1/2-1/2"]
[WhiteElo "1946"]
[BlackElo "2216"]
[PlyCount "92"]
[EventDate "2011.??.??"]

1. d4 Nf6 2. Nf3 g6 3. Nbd2 Bg7 4. e4 d6 5. c3 O-O 6. Bd3 Nc6 7. O-O e5 8. d5
Ne7 9. b4 Nh5 10. Ne1 Nf4 11. Ndf3 c6 12. Bxf4 exf4 13. dxc6 Nxc6 14. b5 Na5
15. Nd4 Bd7 16. a4 Rc8 17. Ra3 Rc5 18. Qd2 Qf6 19. Nec2 Rh5 20. Be2 Re5 21. Bd3
Rc8 22. Rd1 Bg4 23. f3 Be6 24. Nxe6 fxe6 25. Nd4 Bf8 26. Ra2 Rec5 27. Ne2 g5
28. Rb2 b6 29. Rc2 R5c7 30. Kh1 Nb3 31. Qe1 Nc5 32. Ra2 Rg7 33. Qf2 Kh8 34. a5
e5 35. axb6 axb6 36. Bc2 Qe6 37. Rda1 Qc4 38. Ra8 Rgc7 39. g3 Qxb5 40. gxf4
gxf4 41. Rxc8 Rxc8 42. Ra7 Ne6 43. Qh4 Ng7 44. Ng1 Qe8 45. Bb3 Qd8 46. Qxd8
Rxd8 1/2-1/2

[Event "SG Bochum 2 - Brackweder SK 1"]
[Site "NRW-Klasse, Gruppe 1 2010/201"]
[Date "2011.03.13"]
[Round "8.8"]
[White "Boehle, Lars"]
[Black "Grzonka, Raphael"]
[Result "1-0"]
[WhiteElo "2128"]
[BlackElo "1797"]
[PlyCount "43"]
[EventDate "2011.??.??"]

1. d4 d5 2. Nf3 e6 3. c4 c6 4. Nbd2 Nf6 5. e3 Be7 6. Bd3 Nbd7 7. b3 O-O 8. Bb2
Re8 9. O-O b6 10. e4 dxe4 11. Nxe4 Bb7 12. Qe2 Nf8 13. Ne5 h6 14. Rad1 Qc7 15.
Nxf6+ Bxf6 16. Ng4 Be7 17. Bb1 c5 18. dxc5 Qxc5 19. Rd3 h5 20. Nh6+ gxh6 21.
Rg3+ Bg5 22. Qxh5 1-0

[Event "SC Hansa Dortmund 2- SV Würselen 1"]
[Site "?"]
[Date "2011.03.13"]
[Round "8.1"]
[White "Budde, Vladimir"]
[Black "Karger, Frank"]
[Result "1/2-1/2"]
[WhiteElo "2267"]
[BlackElo "2245"]
[PlyCount "108"]
[EventDate "2011.??.??"]
[WhiteTeam "SV Würselen 1926"]
[BlackTeam "SC Hansa Dortmund II"]

1. e4 c5 2. Nf3 e6 3. d4 cxd4 4. Nxd4 a6 5. Bd3 Qc7 6. Nd2 Nf6 7. Qe2 d6 8. O-O
Be7 9. c4 Nbd7 10. b3 O-O 11. Bb2 b6 12. f4 g6 13. e5 dxe5 14. fxe5 Qxe5 15.
Ne4 Qh5 16. Qxh5 Nxh5 17. Nc6 Re8 18. Nxe7+ Rxe7 19. Ba3 Nc5 20. Nxc5 bxc5 21.
Bxc5 Rd7 22. Be2 Ng7 23. Rad1 Rxd1 24. Rxd1 Bb7 25. b4 e5 26. Rd7 Bc6 27. Rc7
Be4 28. Re7 Ne6 29. Bd6 Nd4 30. Bg4 f5 31. Bd1 Nc6 32. Rc7 Rd8 33. c5 Nxb4 34.
Bb3+ Bd5 35. Bxd5+ Nxd5 36. Ra7 Nb4 37. a3 Nc6 38. Rxa6 Rc8 39. Rb6 Kf7 40.
Rb7+ Ke6 41. Rxh7 Ra8 42. Rg7 Kf6 43. Rc7 Ra6 44. h4 Nd4 45. Be7+ Ke6 46. Bg5
f4 47. Rb7 Rxa3 48. Rb6+ Kf5 49. Rf6+ Ke4 50. Rxg6 f3 51. gxf3+ Nxf3+ 52. Kf2
Nxg5 53. hxg5 Kf5 54. Rd6 Kxg5 {(=)} 1/2-1/2

[Event "SC Hansa Dortmund 2- SV Würselen 1"]
[Site "?"]
[Date "2011.03.13"]
[Round "8.2"]
[White "Eismont, Oleg"]
[Black "Cekro, Ekrem"]
[Result "0-1"]
[WhiteElo "2246"]
[BlackElo "2371"]
[PlyCount "50"]
[EventDate "2011.??.??"]
[WhiteTeam "SC Hansa Dortmund II"]
[BlackTeam "SV Würselen 1926"]

1. e4 g6 2. d4 c6 3. f4 d5 4. e5 h5 5. Nf3 Nh6 6. Nc3 Bg4 7. Be3 Nf5 8. Bf2 Qb6
9. Rb1 e6 10. h3 Bxf3 11. Qxf3 h4 12. Bd3 Nxd4 13. Qg4 c5 14. Bxd4 cxd4 15. Ne2
Nc6 16. O-O Be7 17. a3 Na5 18. b3 Bxa3 19. Kh1 Be7 20. Ng1 Nc6 21. Nf3 Nb4 22.
Ng5 Nxd3 23. cxd3 Rc8 24. Rf3 Rc3 25. Rbf1 Rh5 0-1

[Event "SC Hansa Dortmund 2- SV Würselen 1"]
[Site "?"]
[Date "2011.03.13"]
[Round "8.3"]
[White "Goossens, Etienne"]
[Black "Ackermann, Hans Werner"]
[Result "0-1"]
[WhiteElo "2214"]
[BlackElo "2236"]
[PlyCount "120"]
[EventDate "2011.??.??"]
[WhiteTeam "SV Würselen 1926"]
[BlackTeam "SC Hansa Dortmund II"]

1. e4 c5 2. Nf3 a6 3. c3 e6 4. d4 d5 5. e5 Bd7 6. Bd3 cxd4 7. cxd4 Bb5 8. Bxb5+
axb5 9. Nc3 Qd7 10. Qd3 b4 11. Ne2 Ne7 12. h4 h5 13. Ng3 Nbc6 14. O-O Ng6 15.
Bg5 Qc7 16. Ne2 Qb6 17. g3 Ra6 18. Be3 Be7 19. Ng5 Nf8 20. Nf4 Ra5 21. Qd1 g6
22. Nf3 Qa7 23. Qb1 Rg8 24. Re1 Nd7 25. Kg2 Nb6 26. Nxh5 gxh5 27. Qh7 Rg6 28.
Qxh5 Nc4 29. Qh8+ Kd7 30. Qh7 Qa8 31. h5 Rg4 32. Qxf7 Qg8 33. Qxg8 Rxg8 34. Bf4
Nxb2 35. Rh1 Raa8 36. h6 Rg6 37. h7 Rh8 38. Rh5 Nd8 39. Bg5 Bxg5 40. Nxg5 Rg7
41. Rb1 Nc4 42. Rxb4 b6 43. Rb3 Nf7 44. Nxf7 Rxf7 45. Rf3 Rfxh7 46. Rxh7+ Rxh7
47. Rf8 Rg7 48. Rb8 Rg4 49. f4 Rg6 50. Kh3 Kc7 51. Re8 Ne3 52. Kh4 Nf5+ 53. Kh5
Rxg3 54. Rxe6 Ng7+ 55. Kh4 Nxe6 56. Kxg3 Nxd4 57. Kg4 Kd7 58. f5 Nc6 59. Kf4
Ke7 60. a4 Kd7 0-1

[Event "SC Hansa Dortmund 2- SV Würselen 1"]
[Site "?"]
[Date "2011.03.13"]
[Round "8.4"]
[White "Kotter, Ralf"]
[Black "Bogoevski, Jani"]
[Result "1-0"]
[WhiteElo "2220"]
[BlackElo "2158"]
[PlyCount "117"]
[EventDate "2011.??.??"]
[WhiteTeam "SC Hansa Dortmund II"]
[BlackTeam "SV Würselen 1926"]

1. e4 Nf6 2. e5 Nd5 3. d4 d6 4. c4 Nb6 5. exd6 cxd6 6. Nc3 g6 7. Be3 Bg7 8. Rc1
Nc6 9. b3 h6 10. h3 O-O 11. Nf3 e5 12. Be2 f5 13. dxe5 dxe5 14. Nd5 e4 15. Nh2
Nxd5 16. cxd5 f4 17. Bc5 Qa5+ 18. b4 Nxb4 19. Qd2 Nd3+ 20. Bxd3 Qxd2+ 21. Kxd2
exd3 22. Bxf8 Kxf8 23. Rc4 Bf5 24. Nf3 g5 25. h4 b5 26. Rc5 b4 27. hxg5 Bc3+
28. Rxc3 bxc3+ 29. Kxc3 Rc8+ 30. Kd4 hxg5 31. Rh8+ Ke7 32. Rxc8 Bxc8 33. Kxd3
Bb7 34. Kd4 Kd6 35. Nxg5 Bxd5 36. Ne4+ Ke6 37. g3 Bc6 38. f3 Bb5 39. Nd2 Kf5
40. Nc4 Ba6 41. Nd2 Be2 42. Kd5 Bd3 43. Ne4 Bf1 44. g4+ Kg6 45. Ke5 Kf7 46.
Kxf4 Ke6 47. g5 Kf7 48. Ke5 Kg6 49. f4 Bh3 50. Nd6 Bd7 51. Nc4 Bg4 52. Ne3 Bd7
53. Nd5 Bg4 54. Ne7+ Kf7 55. Nc6 a6 56. f5 Bd1 57. g6+ Kg7 58. Ne7 Bb3 59. f6+
1-0

[Event "SC Hansa Dortmund 2- SV Würselen 1"]
[Site "?"]
[Date "2011.03.13"]
[Round "8.5"]
[White "Andok, Claus Michael"]
[Black "Rumpf, Thomas"]
[Result "1/2-1/2"]
[WhiteElo "2091"]
[BlackElo "2090"]
[PlyCount "67"]
[EventDate "2011.??.??"]
[WhiteTeam "SV Würselen 1926"]
[BlackTeam "SC Hansa Dortmund II"]

1. e4 Nc6 2. d3 e5 3. g3 Bc5 4. Bg2 d6 5. Nf3 f5 6. O-O Nf6 7. c3 fxe4 8. dxe4
Qe7 9. Nbd2 O-O 10. Nb3 Bb6 11. Qd3 Kh8 12. Be3 Ng4 13. Bxb6 axb6 14. Nbd2 Be6
15. a3 Qf6 16. h3 Nh6 {(=)} 17. Ne1 g5 18. Nc2 Ng8 19. Ne3 Qh6 20. Nf5 Qf6 21.
Ne3 Qh6 22. Ng4 Qg6 23. Nc4 Nf6 24. Nce3 h5 25. Nxf6 Rxf6 26. Qe2 Raf8 27. b4
R6f7 28. a4 Kg7 29. a5 bxa5 30. b5 Nb8 31. Rxa5 Nd7 32. Nc4 b6 33. Ra7 Nc5 34.
Raa1 {(=)} 1/2-1/2

[Event "SC Hansa Dortmund 2- SV Würselen 1"]
[Site "?"]
[Date "2011.03.13"]
[Round "8.6"]
[White "Linker, Walter"]
[Black "Heinichen, NIls"]
[Result "1/2-1/2"]
[WhiteElo "2074"]
[BlackElo "2025"]
[PlyCount "56"]
[EventDate "2011.??.??"]
[WhiteTeam "SC Hansa Dortmund II"]
[BlackTeam "SV Würselen 1926"]

1. b3 Nf6 2. Bb2 g6 3. e3 Bg7 4. f4 O-O 5. Nf3 d6 6. Be2 Nbd7 7. O-O Re8 8. c4
c6 9. Qc2 e5 10. f5 Nc5 11. fxg6 fxg6 12. b4 Bf5 13. Qc3 Na4 14. Qb3 Nxb2 15.
Qxb2 Bg4 16. Nc3 e4 17. Nd4 Bxe2 18. Ndxe2 Ng4 19. Qb3 Qh4 20. h3 Ne5 21. Rf4
Qh5 22. Raf1 Nd3 23. Rg4 Rf8 24. Nxe4 Rxf1+ 25. Kxf1 Qf5+ 26. Kg1 h5 27. N2g3
Qe6 28. Rg5 Ne5 {(=)} 1/2-1/2

[Event "SC Hansa Dortmund 2- SV Würselen 1"]
[Site "?"]
[Date "2011.03.13"]
[Round "8.7"]
[White "Vossen, Peter"]
[Black "Babar, Michael"]
[Result "1/2-1/2"]
[WhiteElo "1978"]
[BlackElo "2158"]
[PlyCount "117"]
[EventDate "2011.??.??"]
[WhiteTeam "SV Würselen 1926"]
[BlackTeam "SC Hansa Dortmund II"]

1. d4 e6 2. c4 b6 3. Nc3 Bb7 4. e4 Bb4 5. d5 exd5 6. exd5 Qe7+ 7. Be2 Bxc3+ 8.
bxc3 d6 9. Nf3 Nf6 10. O-O O-O 11. Re1 Re8 12. Bd3 Qf8 13. Rxe8 Qxe8 14. Bg5 {
(=)} Nbd7 15. Bc2 h6 16. Bh4 Ba6 17. Qd4 Qe2 18. Bd3 Qb2 19. Re1 Re8 20. Rxe8+
Nxe8 21. g4 Qc1+ 22. Kg2 Nc5 23. g5 Bc8 24. gxh6 Qxh6 25. Bc2 Bd7 26. Nd2 Qh5
27. f3 Kf8 28. Qf4 f6 29. Bg3 Qe5 30. Qxe5 dxe5 31. Ne4 Nxe4 32. Bxe4 Ke7 33.
Bf2 Kd6 34. Bg6 f5 35. Bxe8 Bxe8 36. f4 e4 37. Bd4 g6 38. Kf2 a6 39. Be5+ Kc5
40. Bxc7 Kxc4 41. Bxb6 Kxc3 42. a3 Kb3 43. Bc5 Kc4 44. Ba7 Kxd5 45. h4 Kc4 46.
Ke3 Bb5 47. Bb8 Kc3 48. Bd6 Bc4 49. Be7 Kb3 50. Bd6 Kc2 51. Bc5 Bb5 52. Bd6 Bd3
53. Bc5 Kd1 54. Bb4 Bb5 55. Ba5 Kc2 56. Bb4 Kb3 57. Bd6 Kc2 58. Bc5 Kb3 59. Bd6
1/2-1/2

[Event "SC Hansa Dortmund 2- SV Würselen 1"]
[Site "?"]
[Date "2011.03.13"]
[Round "8.8"]
[White "Schiefelbusch, Dirk"]
[Black "Frost, Andreas"]
[Result "1-0"]
[WhiteElo "2053"]
[BlackElo "1934"]
[PlyCount "55"]
[EventDate "2011.??.??"]
[WhiteTeam "SC Hansa Dortmund II"]
[BlackTeam "SV Würselen 1926"]

1. b4 e5 2. Bb2 d6 3. e3 f5 4. Nf3 Nd7 5. Be2 e4 6. Nd4 Qg5 7. O-O Ne5 8. Nb5
Qe7 9. d4 Ng6 10. c4 c6 11. N5c3 Nf6 12. Nd2 d5 13. b5 h5 14. a4 Ng4 15. bxc6
Qh4 16. h3 bxc6 17. cxd5 Bd6 18. Ba3 Bh2+ 19. Kh1 Bg3 20. Bxg4 hxg4 21. fxg3
Qh6 22. Ncxe4 fxe4 23. Nxe4 gxh3 24. Nd6+ Kd7 25. Qg4+ Kc7 26. Rf7+ Kd8 27.
Nxc8 hxg2+ 28. Kxg2 {(Zeitüberschreitung)} 1-0

[Event "SF Neuenkirchen 1 - SV Letmathe 1"]
[Site "NRW-Klasse, Gruppe 1 2010/201"]
[Date "2011.04.03"]
[Round "9.1"]
[White "Podzielny, Karl-Heinz"]
[Black "Muschik, Benedikt"]
[Result "1-0"]
[WhiteElo "2405"]
[BlackElo "2235"]
[PlyCount "43"]
[EventDate "2011.??.??"]

1. d4 g6 2. g3 Bg7 3. Bg2 d5 4. c4 dxc4 5. Nf3 Nd7 6. O-O Ngf6 7. Qa4 O-O 8.
Qxc4 Nb6 9. Qd3 Bf5 10. Qd1 Qc8 11. Nc3 Rd8 12. Qb3 Be6 13. Qc2 Bh3 14. e4 c6
15. a4 a5 16. Bxh3 Qxh3 17. Qb3 Ra6 18. Ng5 Qh5 19. Qxf7+ Kh8 20. Ne6 Rg8 21.
Qxe7 Qh3 22. Ng5 1-0